Kutná Hora a chrám sv. Barbory /

Main Author: Pospíšil, Aleš, 1974-
Language: Czech
Published: V Praze : Národní památkový ústav, územní odborné pracoviště středních Čech, 2013
Subjects:
Physical Description: [8] s. : il. (převážně barev.), 1 mapa, 1 plán ; 21 cm
Book
Saved in:
LEADER 01609nam a2200433 a 4500
001 nkc20142593425
003 CZ PrNK
005 20210714101746.0
007 ta
008 140604s2013 xr abe e f 000 0 cze
015 |z cnb002593425 
020 |a 978-80-86516-60-8  |q (skládanka) 
035 |a (OCoLC)883373541 
040 |a ABA001  |b cze 
043 |a e-xr---  |b e-xr-st  |2 czenas 
072 7 |a 72  |x Architektura  |2 Konspekt  |9 21 
080 |a 726.6  |2 MRF 
080 |a 904  |2 MRF 
080 |a (437.312)  |2 MRF 
080 |a (036)  |2 MRF 
100 1 |a Pospíšil, Aleš,  |d 1974-  |7 jx20100119009  |4 aut  |4 pht 
245 1 0 |a Kutná Hora a chrám sv. Barbory /  |c [text a fotografie] Aleš Pospíšil 
260 |a V Praze :  |b Národní památkový ústav, územní odborné pracoviště středních Čech,  |c 2013 
300 |a [8] s. :  |b il. (převážně barev.), 1 mapa, 1 plán ;  |c 21 cm 
504 |a Obsahuje bibliografii 
610 2 7 |a Katedrála sv. Barbory (Kutná Hora, Česko)  |7 mzk2004208601  |2 czenas 
650 0 7 |a katedrály  |7 ph114888  |z Česko  |2 czenas 
650 0 7 |a kulturní památky  |7 ph115033  |z Česko  |2 czenas 
650 0 9 |a cathedrals  |z Czechia  |2 eczenas 
650 0 9 |a cultural monuments  |z Czechia  |2 eczenas 
651 7 |a Kutná Hora (Česko)  |7 ge129717  |2 czenas 
651 9 |a Kutná Hora (Czechia)  |2 eczenas 
655 7 |a informační publikace  |7 fd132454  |2 czenas 
655 9 |a information publications  |2 eczenas 
910 2 |a BOA001  |b 2-1328.603 
990 |a BK 
995 |a 11 
991 |b 201407  |e n 
996 6 |b 2610595080  |c 2-1328.603  |l MZK  |r Sklad / do 1 hodiny  |n 4  |p p.v.  |w 001428943  |u 000010  |a 1  |e BOA001  |j MZK50  |s P